Responses for Show #4257 - Tuesday, February 18, 2003

Travis Troyer game 1.

Contestants

[<< previous game]

Danielle Lepore, an eighth grade teacher from San Diego, California

Travis Troyer, a software engineer from Hereford, Maryland

Jennifer Garman, a design director from New York, New York (whose 1-day cash winnings total $10,000)

[next game >>]

Jeopardy! Round responses

SNICKERS
MOUNDS
(Alex: Uh-oh!)
MILKY WAY
KISSES
SMARTIES
"M" & "M"s
(Alex: I love these categories!)
    $200 21
The Color of Money

Jennifer
    $200 16
(Travis: Who were the Aztecs?)

Mayans

JenniferTravis
    $200 26
vitamin D

Danielle
    $200 10
Judas Iscariot

Travis
    $200 2
hydrogen & oxygen

Travis
    $200 1
(Jennifer: What is the monkey?)

Mickey Mouse

JenniferDanielle
    $400 22
M*A*S*H

Jennifer
    $400 17
Wisconsin

Danielle
    $400 27
milquetoast

Travis
    $400 11
how to get elected

Triple Stumper
    $400 5
Anders Celsius

Danielle
    $400 3
Magic Markers

Jennifer
    $600 23
(Travis: What is The Bride of Frankenstein?)
(Danielle: What is American Werewolf in London?)
...
(Alex: Obviously my reading helped lead you to it!)

Young Frankenstein

JenniferTravisDanielle
    $600 18
burial ship

Triple Stumper
    $600 28
goat's milk

Danielle
    $600 12
the Torah

Danielle
    $600 8
ammonia

Danielle
    $600 4
Mary Magdalene

Travis
    $800 24
right

Triple Stumper
    $800 19
Tennessee

Travis
    $500 29
(Danielle: No idea.)

Ovaltine

Danielle
    $800 14
Alfred Eisenstaedt

Triple Stumper
    $800 9
(Travis: What is a bone?)

muscle

Travis
Triple Stumper
    $800 6
Merchant Marine

Danielle
    $1000 25
(Alex: Minute to go now, Jennifer.)

Born Yesterday

Triple Stumper
    $1000 20
effigy mounds

Triple Stumper
    $1000 30
acidophilus

Triple Stumper
    $1000 15
"Besame Mucho"

Travis
    $1000 13
Michelin

Travis
    $1000 7
Moral Majority

Travis

Scores at the first commercial break (after clue 15):

Jennifer Travis Danielle
$200 $3,200 $2,600

Scores at the end of the Jeopardy! Round:

Jennifer Travis Danielle
$1,600 $3,600 $2,700

Double Jeopardy! Round responses

HISTORY SPEAKS!
(Alex: You're gonna love it!)
NATIONAL THINGS
KIDDY LIT
THAT GOOD OLD '60s ROCK & ROLL
A MUSE ME
TIME TO P"UNT"
    $400 15
New York & Philadelphia

Travis
    $400 13
Alaska

Travis
    $400 1
Where the Wild Things Are

Jennifer
    $400 6
Eric Clapton

Travis
    $400 11
astronomy

Danielle
    $400 19
bunt

Danielle
    $800 20
Ptolemy

Triple Stumper
    $800 14
(Jennifer: What are...[time]?)
(Travis: What are shorelines?)

seashores

JenniferTravisDanielle
    $1,000 2
The Cat in the Hat

Jennifer
    $800 7
"Surfer Girl"

Triple Stumper
    $800 12
history

Travis
    $800 26
grunt

Travis
    $1200 21
Austerlitz

Triple Stumper
    $1200 16
Lake Mead

Travis
    $1200 3
The Mouse and the Motorcycle

Danielle
    $1200 8
(Danielle: What are the Pips?)
...
(Alex: We were going for 3 letters, not four.)

Pip

TravisDanielle
    $1200 22
(Alex: Minute to go, now.)

flutes

Triple Stumper
    $1200 27
aunt

Danielle
    $1600 25
the Louvre

Travis
    $1600 17
Natchez Trace

Travis
    $1600 4
Freddy

Triple Stumper
    $1600 9
"It's My Party" (by Lesley Gore)

Danielle
    $2,000 23
(Alex: Anything?)
(Danielle: No.)

Erato

Danielle
    $1600 28
haunt

Travis
    $2000 18
Eugene O'Neill

Triple Stumper
    $2000 5
Eugene Field

Triple Stumper
    $2000 10
Shirley Bassey

Travis
    $2000 24
Terpsichore

Triple Stumper
    $2000 29
[The end-of-round signal sounds.]
(Alex: Oh, we won't get a chance to see some other famous historical person speak to us!)

junta

Travis

Scores at the end of the Double Jeopardy! Round:

Jennifer Travis Danielle
$2,200 $16,800 $5,100
(lock game)

[wagering suggestions for these scores]

Final Jeopardy! Round responses

NUMERICAL PHRASES
(Alex: If you knew that the Iowa native son was Meredith Willson, you would have been helped immensely on this final.)
...
(Alex: Travis, you'll be remembering [*] for a long time!)
(Travis: For the rest of my life!)
JenniferWhat is
$2,200
DanielleWhat are 2 guitars?
$5,000
TravisWHAT are 96 Trombones?
$5,800
76 trombones

Final scores:

Jennifer Travis Danielle
$0 $11,000 $100
3rd place: $1,000 New champion: $11,000 2nd place: $2,000

Game dynamics:

Coryat scores:

Jennifer Travis Danielle
$2,000 $16,800 $7,600
7 R
(including 1 DD),
2 W
20 R,
4 W
14 R,
4 W
(including 2 DDs)

Combined Coryat: $26,400

[game clues] [game scores] [suggest correction]

Game tape date: 2002-10-30
The J! Archive is created by fans, for fans. Scraping, republication, monetization, and malicious use prohibited; this site may use cookies and collect identifying information. See terms. The Jeopardy! game show and all elements thereof, including but not limited to copyright and trademark thereto, are the property of Jeopardy Productions, Inc. and are protected under law. This website is not affiliated with, sponsored by, or operated by Jeopardy Productions, Inc. Join the discussion at JBoard.tv.